United Kingdom Quiz Mutiple Choice - Statistics

General Stats
  • This quiz has been taken 19 times
  • The average score is 19 of 25
Answer Stats
Question Answer % Correct
What is the British term for "apartment" Flat
100%
Who is the current King of the United Kingdom King Charles III
100%
Which famous Scottish lake is said to be home to a legendary monster? Loch Ness
100%
What is the capital city of the United Kingdom London
100%
Who was the first female Prime Minister of the United Kingdom Margaret Thatcher
100%
What does PM stand for in UK Politics Prime Minister
100%
What UK Countries capital is Cardiff Wales
100%
What is the official residence of the Prime Minister 10 Downing Street, London
94%
Who is the current Prime Minister of the United Kingdom Kier Starmer
94%
Which country is NOT part of the United Kingdom Republic of Ireland
94%
Which river flows through London River Thames
94%
Which famous prehistoric monument is in Wiltshire Stonehenge
94%
What is the highest moutain in the UK Ben Nevis
88%
Which London station is famous for Platform 9¾ Kings Cross
82%
What is the UK Parliament building called? Palace of Westminster
82%
What is the minimum age to serve on a jury in the UK 18
76%
Which Tube line terminates at Heathrow Airport Piccadilly Line
65%
What is the most famous shopping street in London Oxford Street
59%
What is the name of the Queens offical birthday celebration held each June in the UK Trooping the Colour
53%
Which university is the best in the United Kingdom University of Oxford
53%
Who painted the famous portait of Winston Churchill during World War II Graham Sutherland
47%
Which historic county was part of County Durham Tyne and Wear
47%
What year was the NHS Found 1948
41%
What is the most famous road pass marking the English-Scottish border Carter Bar
35%
Which British Overseas Territory has the largest population Cayman Islands
12%
No matching quizzes found
Score Distribution
Percent of People with Each Score
Percentile by Number Answered
Your Score History
You have not taken this quiz